Золоторудные формации Дальнего Востока: сборник статей

Bibliografiske detaljer
Andre forfattere: Радкевич Е. А. Екатерина Александровна (редактор)
Sprog:russisk
Udgivet: Москва, Наука, 1969
Fag:
Format: MixedMaterials Bog
KOHA link:https://koha.lib.tpu.ru/cgi-bin/koha/opac-detail.pl?biblionumber=161332

MARC

LEADER 00000nam0a2200000 4500
001 161332
005 20231031155856.0
035 |a (RuTPU)RU\TPU\book\174947 
090 |a 161332 
100 |a 20090606d1969 m y0rusy50 ca 
101 0 |a rus 
102 |a RU 
105 |a a z 001zy 
200 1 |a Золоторудные формации Дальнего Востока  |e сборник статей  |f под ред. Е. А. Радкевича 
210 |a Москва  |c Наука  |d 1969 
215 |a 138 с.  |c ил. 
320 |a Библиогр. в конце ст. 
610 1 |a золоторудные месторождения 
610 1 |a геология 
610 1 |a Дальний Восток 
610 1 |a СССР 
610 1 |a золоторудные формации 
675 |a 553.41  |v 3 
702 1 |a Радкевич  |b Е. А.  |g Екатерина Александровна  |4 340 
801 1 |a RU  |b 63413507  |c 20090606  |g PSBO 
801 2 |a RU  |b 63413507  |c 20100329  |g RCR 
942 |c BK